| 000 | 00603nam a2200169 i 4500 | ||
|---|---|---|---|
| 001 | 149969 | ||
| 003 | ES-MaACL | ||
| 005 | 20230906203329.0 | ||
| 007 | t| | ||
| 008 | 071025s1908 sp |||| | spa d | ||
| 100 | 1 |
_aValle, Luis del. _9112771 |
|
| 245 | 1 | 0 |
_aLabor económica y financiera del gobierno conservador / _cLuis del Valle. |
| 260 |
_aMadrid : _b[s.n.], _c1908. |
||
| 300 |
_a104 p. ; _c18 cm. |
||
| 651 | 4 |
_aEspaña- _xSituación económica- _y1902-1931. _9158843 |
|
| 852 |
_aES-MaACL _jT-1217-F-2 _z- Enc. en un vol. facticio, conservando cub. original _z. - Dedicatoria autógrafa del autor |
||
| 999 |
_c149969 _d149969 |
||